7 Perso - 1 Pts Commun - Harry Potter #25 - Statistiques

Statistiques générales
  • Ce quiz a été pris 109 fois
  • Le résultat moyen est 4 sur 7
Statistiques - réponses
Personnages % Correct
Drago Malefoy
100%
Marcus Flint
75%
Vincent Crabbe
67%
Blaise Zabini
47%
Gregory Goyle
43%
Cassius Warrington
30%
Équipe Serpentard
29%
Aucun quiz correspondant
Distribution des résultats
% des personnes avec chaque résultat
Percentile par nombre de réponses
Votre historique - résultats
Vous n’avez pas pris ce quiz